00867nam a2200217 i 4500001001500000003000400015005001700019008004100036020001800077040002600095245009500121260004400216300002100260490003400281505016000315650003100475650005600506650004000562700002400602700002300626Rebiun33473610OSt20230906142539.0230622s2023 sp |||| | u0|| 0|spa d a9788419471901 aES-VaUPV bspa cCDRM00aNuevos y viejos desafíos del periodismo / cSantiago Tejedor, Cristina Pulido (editores) aValencia : bTirant Humanidades, c2023 a328 p. ; c25 cm0 aCiencias de la comunicación aRecull de les ponències presentades al "I Congreso Innovacom: Nuevos y viejos desafíos del periodismo" celebrat a la UAB els dies 5-6 d'octubre de 2021 0aPremsa digitalvCongressos 0aPeriodismexInnovacions tecnològiquesvCongressos 0aPeriodismexEnsenyamentvCongressos1 aTejedor, Santiago, 1 aPulido, Cristina,